Quiz Palmeiras - Statistics

Estatísticas Gerais
  • Esse quiz foi jogado 643 vezes
  • A pontuação média é 18 de 27
Estatísticas das Respostas
Hint Resposta % Correto
Nome completo do time Sociedade Esportiva Palmeiras
95%
Qual foi o primeiro nome do clube? Palestra Itália
93%
Quantidades de rebaixamentos do clube 2
91%
Por qual grupo de imigrantes o Palmeiras foi fundado? Italianos
88%
Maior rival Corinthians
81%
Quantidade de Campeonatos Brasileiros vencidos 11
78%
Atual técnico e ídolo da torcida Abel Ferreira
78%
Ano da primeira conquista da Copa Libertadores 1999
77%
Nome do estádio do clube Allianz Parque
75%
Goleiro considerado como ídolo pela torcida Marcos
75%
Atual patrocinador master do clube Crefisa
74%
Nome da principal torcida organizada do clube Mancha Alviverde
73%
Quantidade de Campeonatos Paulistas vencidos 25
72%
Time carioca ao qual parte das torcidas organizadas convivem em clima de amizade Vasco da Gama
72%
Atual capitão do clube Gustavo Gómez
70%
Ano em que o Palmeiras venceu o primeiro título intercontinental 1951
69%
Técnico responsável pela primeira conquista da Libertadores Luiz Felipe Scolari
68%
Time que o Palmeiras derrotou, se consagrando campeão mundial Juventus
66%
Evento global determinante para a mudança de nome do clube? Segunda Guerra Mundial
64%
Segundo maior rival do clube, com a frase histórica atribuída ao Oberdan Cattani "...é adversário, ... é inimigo" São Paulo
63%
Meio campista considerado como ídolo pela torcida Ademir da Guia
60%
Ano da conquista do primeiro Campeonato Paulista 1920
53%
Ano da primeira conquista do Campeonato Brasilerio 1960
45%
Time que o Palmeiras venceu na primeira conquista da Libertadores Deportivo Cali
43%
Maior goleada sobre o rival 8 a 0
41%
Quando o clube foi fundado 26 de agosto de 1914
34%
Nome do mascote suíno do clube Gobatto
30%
Nenhum quiz correspondente encontrado
Distribuição das Pontuações
Porcentagem de Pessoas com Cada Pontuação
Percentil de Números Respondidos
Sua Pontuação Histórica
Você não jogou esse quiz